LEADER 00610nab a2200157 i 4500 001 000000263701 003 CaOOAMICUS 005 20060301000000.0 008 060301n xx uu u0 0und r 013 $a5584 040 $aSeMil$bita 245 10$aJohn Scottus Eriugena. - Titolo principale dalla copertina. 500 $aFall 2005. 700 1 $aRosemann, Philipp W. <1964- >.$0(OLS)http://semarc/name/90526 773 0 $t[2005].$d[U.S.A.] : The American Catholic Philosophical Association, copyr. 2005.$w()143205 996 $6245$aJohn Scottus Eriugena. - Titolo principale dalla copertina.$9(OLS)http://semarc/title/356633 LEADER 00930nam a2200217 i 4500 001 000000189965 003 CaOOAMICUS 005 20100524000000.0 008 100524s1970 it u000 u ita u 013 $a168277 040 $aSeMil$bita 100 1 $aGarrone, Gabriel Marie,$c.$0(OLS)http://semarc/name/20639 240 10$aCe que croyait Thérèse de Lisieux.$0(OLS)http://semarc/title/273597 245 10$aCiò che credeva Teresa Di Lisieux /$cGabriel-Marie Garrone. 260 $aMilano :$bÀncora,$ccopyr. 1970. 300 $a286 p. ;$c19 cm. 600 04$aTeresa : del Bambino Gesù .$0(OLS)http://semarc/subject/1572 850 $aSeMil 852 $aSeMil$W1$xVenegono$y1$m3H I 278$j140596$B140596$CSeMilBibl$Z2$F152177 $81 996 $6245$aCiò che credeva Teresa Di Lisieux$9(OLS)http://semarc/title/273596 996 $6260$aMilano :$bÀncora$9(OLS)http://semarc/publisher/29763 LEADER 00786nam a2200169 i 4500 001 000000190893 003 CaOOAMICUS 005 20150819000000.0 008 150819s1885 it u000 u fre u 013 $a169367 040 $aSeMil$bita 245 10$aTome 1. 300 $aXV, 608 p., [1] c. di tav. :$britr. 773 0 $aOlier, Jean-Jacques $tLettres de M. Olier fondateur du Séminaire de Saint-Sulpice.$bNouvelle édition revue sur les autographes, considérablement augmentée acompagnée de notes biographiques et précédée d'un agrégé de la vie de M. Olier.$dParis : Victor Lecoffre, 1885.$g1$w()32474 850 $aSeMil 852 $aSeMil$W1$xVenegono$y1$m3F III 391 FA$j141507$B141507$CSeMilBibl$Z2$F153064 $8I 996 $6245$aTome 1$9(OLS)http://semarc/title/1447